000 00349nam a2200133 4500
999 _c508985
_d508985
008 190417b ||||| |||| 00| 0 eng d
100 _aMishra, Sujit Kumar
_94531
245 _aMine closures and the issue of livelihood
260 _c2018
300 _ap.26-32.
773 _aEconomic and Political Weekly
906 _aMining
942 _2ddc
_cAR